[Event "RSA-chT Regions"]
[Site "Cape Town"]
[Date "2016.01.09"]
[Round "4.1"]
[White "Nzimande, Cruez"]
[Black "Basson, Jacques"]
[Result "1-0"]
[WhiteElo "1476"]
[BlackElo "1540"]
[PlyCount "40"]
[EventDate "2016.01.08"]
[EventType "team-swiss"]
[EventRounds "7"]
[EventCountry "RSA"]
[SourceTitle "CBM 170 Extra"]
[Source "ChessBase"]
[SourceDate "2016.02.25"]
[SourceVersion "1"]
[SourceVersionDate "2016.02.25"]
[SourceQuality "1"]
[WhiteTeam "Johannesburg Metro III"]
[BlackTeam "West Coast"]
[WhiteTeamCountry "RSA"]
[BlackTeamCountry "RSA"]

1. c4 c5 2. Nc3 Nf6 3. Nf3 Nc6 4. g3 d6 5. Bg2 Bf5 6. d3 Qd7 7. Nd5 a6 8. Nc3 g6 9. h3 Bg7 10. Nh4 Be6 11. Na4 Qc7 12. 0-0 b5 13. cxb5 axb5 14. Nc3 Rb8 15. a4 bxa4 16. Qxa4 Bd7 17. Qd1 0-0 18. Nf3 Na5 19. Nd2 Bc6 20. Ra3 Nb7 1-0

[Event "RSA-chT Regions"]
[Site "Cape Town"]
[Date "2016.01.08"]
[Round "2.1"]
[White "Mwale, Joseph"]
[Black "Nzimande, Cruez"]
[Result "1-0"]
[WhiteElo "2041"]
[BlackElo "1476"]
[PlyCount "69"]
[EventDate "2016.01.08"]
[EventType "team-swiss"]
[EventRounds "7"]
[EventCountry "RSA"]
[SourceTitle "CBM 170 Extra"]
[Source "ChessBase"]
[SourceDate "2016.02.25"]
[SourceVersion "1"]
[SourceVersionDate "2016.02.25"]
[SourceQuality "1"]
[WhiteTeam "EThekwini"]
[BlackTeam "Johannesburg Metro III"]
[WhiteTeamCountry "RSA"]
[BlackTeamCountry "RSA"]

1. e4 e5 2. Nf3 Nf6 3. d4 Nxe4 4. Nxe5 d6 5. Nf3 d5 6. Bd3 Be7 7. h3 Nc6 8. 0-0 0-0 9. Nbd2 f5 10. Re1 Bf6 11. c3 Bd7 12. Qb3 Kh8 13. Qxd5 Nd6 14. Ne5 Ne7 15. Qb3 Bc6 16. Nxc6 Nxc6 17. Nf3 Na5 18. Qa4 b6 19. Bf4 Nab7 20. Re6 Qc8 21. Rae1 Rb8 22. c4 a5 23. R6e2 c5 24. d5 b5 25. cxb5 c4 26. Bb1 Qd7 27. Ne5 Bxe5 28. Bxe5 Rbe8 29. b3 cxb3 30. axb3 Kg8 31. b6 Qxa4 32. bxa4 g6 33. Bxd6 Rxe2 34. Rxe2 Nxd6 35. Re6 1-0